000 00818nam a2200229 a 4500
001 BRCA_7616
005 20190320205919.0
008 080713s1955----po-a######---#000-0#por-#
041 _apor
044 _apo
050 4 _aNK7163
_b.E97 1955
245 1 0 _aExposicao de ourivesaria portuguesa e francesa
_binaugurada por suas excelencias o Presidente dos Estados Unidos do Brasil e o Presidente da Republica Portuguesa, 27 de abril de 1955.
260 _aPortugal
_bFundacao Ricardo do Espirito Santo Silva
_c1955
300 _a96 p.
_bil., 168 láminas
_c12 cm.
500 _aT21
650 1 4 _aPlatería portuguesa
_918786
650 1 4 _aPlatería francesa
_915001
650 1 4 _aOrfebrería portuguesa
_vExposiciones
_918787
650 1 4 _aOrfebrería francesa
_vExposiciones
_918788
902 _aGFM
942 _2lcc
_cB
999 _c7290
_d7290